[Event "Stuttgart-ch op"]
[Site "Ditzingen"]
[Date "2009.05.22"]
[Round "4"]
[White "Ovsejevitsch, Sergei"]
[Black "Wagner, Florian"]
[Result "1-0"]
[WhiteElo "2580"]
[BlackElo "2302"]
[Annotator "Gutman,L"]
[PlyCount "57"]
[EventDate "2009.05.21"]
[EventType "swiss"]
[EventRounds "7"]
[EventCountry "GER"]
[SourceTitle "EXT 2010"]
[Source "ChessBase"]
[SourceDate "2010.11.25"]
[SourceVersion "1"]
[SourceVersionDate "2010.11.25"]
[SourceQuality "1"]

1. d4 Nf6 2. c4 c5 3. d5 e6 4. Nc3 exd5 5. cxd5 Bd6 {Der schwedischhe
Theoretiker Rolf Martens, der am 22. April 2008, starb, steuerte viele Ideen
zur Theorie dieser Variante bei, die er wegen der schlängelnden Läuferbewegung
Schlangen-Benoni nannte. Diese riskanteSpielweise hat GM Normunds Miesis so
begeistert, dass er sie zur seiner Spezialwaffe ausbaute.} 6. e4 {Richard
Palliser, Dangerous Weapons: The Benoni and Benko, Everyman Chess 2008, sieht
diesen Zug mit der Drohung 7.f4 als die wirksamste Widerlegung. Seine Arbeit
kann aber nicht überzeugen, viel interessanter sind die Analysen von Stefan
Bücker in Kaissiber 33, 2008, und in dessen Rubrik "Marxism and Schocking
Chess Discoveries", bei Chess Cafe, November 2008.} O-O ({Im Jahre 2007 hielt
Martens den Zug} 6... Be5 $5 {, von Gerard Welling eingeführt, für notwendig
und ausreichend, während Palliser diese Möglichkeit mit keinem Wort erwähnt} {
Nach} 7. Nf3 ({Vielleicht ist} 7. Bd3 $5 O-O (7... Bxc3+ 8. bxc3 d6 9. Ne2 O-O
10. O-O Nbd7 11. Rb1 $14) 8. Nge2 d6 9. O-O Re8 10. f3 Nbd7 11. Be3 a6 ({
in Danner-Szebe, Oberwart 2007, folgte schwächer} 11... Nf8 12. Qd2 Ng6 13. h3
a6 14. a4 Rb8 15. f4 Bxc3 16. Nxc3 $14) 12. a4 Qa5 13. Qd2 h6 $13 {eine
bessere Alternative}) 7... Bxc3+ 8. bxc3 d6 $1 ({Aber nicht} 8... Nxe4 9. Bd3
Nf6 (9... f5 $2 10. Bxe4 fxe4 11. Bg5 Qa5 12. O-O $40) 10. Qe2+ Qe7 11. Qxe7+
Kxe7 12. O-O d6 13. Re1+ Kd7 14. Ng5 $5 (14. c4 h6 15. Bb2 Kd8 16. Bxf6+ $14 {
Bücker}) 14... Nxd5 15. Bc4 Nxc3 16. Nxf7 Rf8 17. Bb2 b5 18. Be6+ Kc6 19. Bxc8
Na4 20. Nxd6 Nxb2 {Bücker,} 21. Ne8 Na6 22. Re6+ Kd5 23. Bd7 Raxe8 24. Rxe8
Rxe8 25. Bxe8 Nc7 26. Bf7+ $16) 9. Qa4+ Nbd7 10. Bd3 O-O 11. O-O Re8 ({auch} 
11... Nb6 12. Qd1 Bg4 13. h3 Bh5 14. Bf4 {, Maurits Wind, ist nach} c4 15. Bc2
Re8 $11 {gut spielbar}) 12. Qc2 (12. Re1 Nb6 13. Qd1 Bg4 14. Bf4 Nh5 $11) 12...
c4 13. Bxc4 Nxe4 14. Re1 Ndf6 15. Bd3 Bf5 16. c4 (16. h4 Bg6 17. h5 Bxh5 18.
Bxe4 Rxe4 19. Rxe4 Bg6 20. Nd2 Nxe4 21. Nxe4 Qh4 22. f3 Qe1+ {mit Dauerschach})
16... Bg6 17. Be3 Qa5 18. Rab1 Rac8 $11 {stehen die Chancen gleich, Bücker,
Chess Cafe.}) 7. f4 Nxe4 8. Nxe4 Re8 9. Qe2 Na6 {Diese ungetestete Fortsetzung,
von Raetsky und Chetverik in Starting out Benoni Systems, Everyman Chess 2005,
als unzureichend angegeben, wird von Bücker favorisiert.} ({Als
Hauptfortsetzung galte} 9... Bf8 10. g4 d6 ({Abzuraten ist von} 10... f5 11.
gxf5 d6 12. Bh3 Nc6 13. Nf3 Nd4 14. Nxd4 Qh4+ {,Hillarp Persson-Almeida,
Banyoles 2006, wonach Palliser zurecht gibt} 15. Kd1 Qxh3 16. Ng5 Rxe2 17. Nxh3
$18) ({Interessanter erscheint, reicht jedoch ebebnfalls nicht aus} 10... Nc6
11. dxc6 d5 12. Bg2 Qh4+ 13. Qf2 Qxg4 14. Ne2 dxe4 15. Be3 bxc6 16. O-O-O Ba6
17. Nc3 Bd3 18. Rxd3 exd3 19. Bxc6 $16 {, Bücker.}) 11. f5 Bxf5 12. gxf5 Qh4+
13. Kd1 Rxe4 {(mit schwarzer Initiative, Lev Psakhis, The complete Benoni,
Batsford 1995)} 14. Nf3 {Hebden-Hector, Sure Memorial 1987, wonach Bücker} Rxe2
$5 {(nicht erwähnt von Palliser)} 15. Nxh4 Re5 16. Bd2 (16. Bg2 Be7 17. Bf4
Bxh4 18. Bxe5 dxe5 19. d6 Nd7 20. Bxb7 Rb8 21. Bc6 Nf6 $44) 16... Be7 17. Ng2
Rxd5 18. Ne3 Rd4 19. Kc2 Nc6 20. Bc3 {als etwas günstiger für Weiß angibt.})
10. Bd2 $5 ({Sowohl} 10. Nf3 c4 $5 ({anstatt von} 10... f5 11. Nxd6 Rxe2+ 12.
Bxe2 Nb4 13. Kf2 {Chetverik/ Raetsky, und nun} Qf6 14. Nc4 $16 {Palliser}) 11.
Nxd6 Rxe2+ 12. Bxe2 Nb4 13. Kf1 Qc7 14. Nxc4 Nxd5 {, Bücker,} 15. g3 d6 16. Kf2
Bg4 17. Rd1 Re8 18. Ne3 Nf6 19. Rd3) ({als auch} 10. Kf2 $5 b5 (10... f5 11.
Nxd6 Rxe2+ 12. Bxe2 Qh4+ 13. g3 Qf6 14. Nb5 Nb4 15. Nf3 Qb6 16. Nc3 $16) 11.
Qf3 Qe7 {, Bücker,} 12. Ne2 Qxe4 13. Qxe4 Rxe4 14. Nc3 Re8 15. Nxb5 Bf8 16. a3
{sieht freundlich für Weiß aus.}) 10... f5 $2 ({Vorzuziehen war} 10... Qe7 11.
Nxd6 Qh4+ 12. g3 Rxe2+ 13. Bxe2 Qf6 14. Nb5 Qxb2 15. Bc3 Qc2 16. Nf3 Nb4 (16...
Nc7 17. Nxc7 Qxc3+ 18. Kf2 Rb8 19. Nb5 Qa5 20. Rhe1 $16) 17. O-O d6 18. Bc4 Bd7
19. Rac1 Qe4 20. Nxd6 Qe3+ 21. Kg2 Nd3 22. Rc2 Ba4 23. Bb3 Bxb3 24. axb3 $14 {
mit Plus für Weiß.}) 11. Nxd6 Rxe2+ 12. Bxe2 Qh4+ ({Kaum günstiger ist} 12...
Qf6 13. Nb5 Qxb2 14. Bc3 Qc2 15. Nf3 Nc7 (15... Nb4 16. Bxb4 cxb4 17. Kf2 Qc5+
18. Kg3 $16) 16. Nxc7 Qxc3+ 17. Kf2 Rb8 18. d6 b6 19. Nd5 $16) 13. g3 Qf6 14.
Nb5 d6 $2 ({Das kleinere Übel wäre} 14... Qxb2 15. Bc3 Qc2 16. Nf3 Nc7 17. Nxc7
Qxc3+ 18. Kf2 Rb8 19. d6 $16 {gewesen}) 15. Bc3 Qf8 16. Nf3 Bd7 17. a4 Re8 18.
Kf2 Rxe2+ ({Und hier} 18... Nb4 19. Bxb4 cxb4 20. Nbd4 $16) 19. Kxe2 Bxb5+ 20.
axb5 Qe8+ 21. Kf2 Qxb5 22. Rhe1 Nb4 23. Bxb4 ({Auch} 23. Re7 Nd3+ 24. Kg1 $18 {
gewann leicht}) 23... Qxb4 24. Ng5 Qxb2+ 25. Re2 Qd4+ 26. Kg2 Qxd5+ 27. Kh3 Qc6
28. Rae1 Qg2+ 29. Kxg2 1-0

[Event "EU-chT (Men) 20th"]
[Site "Reykjavik"]
[Date "2015.11.17"]
[Round "5.4"]
[White "Ivanisevic, Ivan"]
[Black "Jobava, Baadur"]
[Result "0-1"]
[WhiteElo "2662"]
[BlackElo "2668"]
[Annotator "Ivanisevic,I"]
[PlyCount "104"]
[EventDate "2015.11.13"]
[EventType "team-swiss"]
[EventRounds "9"]
[EventCountry "ISL"]
[SourceTitle "CBM 170"]
[Source "ChessBase"]
[SourceDate "2016.01.15"]
[SourceVersion "1"]
[SourceVersionDate "2016.01.15"]
[SourceQuality "1"]
[WhiteTeam "Serbia"]
[BlackTeam "Georgia"]
[WhiteTeamCountry "SRB"]
[BlackTeamCountry "GEO"]

1. d4 e6 2. c4 Nf6 3. g3 c5 4. d5 exd5 5. cxd5 d6 6. Nc3 g6 7. Qd3 {This
variation was prepared for the Olympiad in Tromso 2014, but was not used then..
. The main idea of 7.Qd3 is to prevent Black from castling or to enter the
endgame with next Qe3.} Na6 $5 (7... Bg7 8. Qe3+) 8. a3 (8. Bg2 Qe7 $5 {
directed against mentioned ideas... e.g.} (8... Nb4 9. Qd2 Bf5 10. e4 Qe7 11.
Qe2 Bg4 12. f3 Bd7 13. a3 Na6 14. f4 $16) 9. Qe3 Nb4) 8... Bg7 9. Qe3+ Kf8 (
9... Qe7 {was also possible} 10. Qxe7+ Kxe7 11. Nf3 Nc7 12. e4 b5 $13) 10. Bg2
Bf5 11. Nf3 Qd7 12. O-O Re8 13. Qf4 h6 14. Re1 {Played with a wrong idea.} (14.
Nd2 {with the idea 15.Nc4 or 15.e4 with next Nc4.} g5 15. Qc4 Nc7 16. a4 Bh3
17. e4 $13) 14... Ne4 15. g4 $6 {Go on!} (15. Nxe4 Rxe4 16. Qd2 $11 {Black's
position is really comfortable.}) 15... Bxc3 $1 (15... Nxc3 16. gxf5 g5 $1 (
16... Nxd5 17. Qd2 $44) 17. Qd2 (17. Qc4 b5 18. Qd3 Na4 $1 $17) 17... Ne4 18.
Qc2 Qxf5 19. Be3 Qg6 $15 {There is some compensation for the pawn, White wants
to enforce b4, Black needs some time to regroup his pieces, but it looks like
it is not enough for a pawn.} (19... Qd7 20. Rac1 $44)) 16. bxc3 Bxg4 17. c4
Bh3 18. Nd2 Bxg2 19. Kxg2 f5 $15 20. f3 g5 21. Qe3 f4 (21... Qg7 22. Nxe4 Qxa1
(22... fxe4 23. Rb1 $13) 23. Qd2 fxe4 (23... Rxe4 24. Bb2 Rd4 25. Qxd4 cxd4 26.
Bxa1 Kf7 27. Bxd4 Rc8 28. Bxa7 Rxc4 29. Rb1 Kf6 30. Rxb7 Ke5 $11) 24. Bb2 exf3+
25. Kxf3 Qxe1 26. Qxe1 Rh7 27. Kg2 $13 {It looks like the game is finishing by
perpetual check...}) 22. Qb3 Nxd2 23. Bxd2 Rg8 24. Qd3 Nc7 (24... Qf7 $142) 25.
Rab1 b6 26. a4 Qf7 27. a5 b5 28. cxb5 g4 $13 29. Kh1 g3 30. Rg1 (30. e4 $5 fxe3
31. Rxe3 {and again a passed b-pawn gives White chances to save the game.})
30... Rg5 31. Rg2 Rxd5 32. Qc3 (32. Qc2 $5) 32... Qf5 (32... Rh5 33. b6 axb6
34. axb6 Nd5 35. Qa1 $13) 33. Rb2 Rd4 34. b6 axb6 35. axb6 Nd5 36. Qc1 Qh3 (
36... Rb8 37. hxg3 Qh3+ 38. Rh2 Qxg3 39. Qa1 $13) 37. b7 Rb8 (37... Rxd2 38.
Qxd2 Ne3 39. Qxd6+ Kg7 40. Qc7+ Kg8 (40... Kh8 41. Qe5+ $1 Kh7 $1 42. Qxe3 fxe3
43. b8=Q Rxb8 44. Rxb8 Qd7 45. Rxg3 c4 (45... Qd1+ 46. Rg1 Qxe2 47. Rb7+ Kh8
48. Rb8+ $11) 46. Rb4 c3 47. Rc4 Qd1+ 48. Rg1 Qxe2 49. Rc7+ Kh8 50. Rc8+ $11)
41. Rxg3+ fxg3 42. Qxg3+ Qxg3 43. hxg3 Rb8 44. Rb5 {and the position is very
close to a draw, Black cannot protect the c-pawn in view of} c4 45. Re5 Nd1 46.
Re7 $1 (46. Rc5 Rxb7 47. Rxc4 {also should be enough for a draw}) 46... c3 47.
Rc7 c2 48. Rc8+ Kh7 49. Rxb8 c1=Q 50. Rc8 Nf2+ 51. Kg2 Qh1+ 52. Kxf2 Qh2+ 53.
Kf1 {with a draw.}) 38. Kg1 (38. Qc2 $5 {to activate the queen in time!}) 38...
c4 39. Rc2 $2 (39. hxg3 c3 40. gxf4 $13 {was an idea during the game, but both
of us were in time trouble!}) 39... Rxd2 $2 (39... Rxb7 40. hxg3 Rxd2 $1 {now!}
41. Qxd2 Rb1+ 42. Rc1 Rxc1+ $1 (42... c3 43. Qxd5 Rxc1+ 44. Kf2 fxg3+ 45. Ke3)
43. Qxc1 Ne3 44. Rh2 Qxg3+ 45. Kh1 Qg6 $19) 40. Qxd2 Rxb7 41. hxg3 $2 (41. Rc1
$142) 41... Rb1+ 42. Rc1 c3 $2 (42... Rxc1+ 43. Qxc1 Ne3 44. Rh2 Qxg3+ 45. Kh1
Qg6 $19 {like in the previous variation}) 43. Qxd5 Rxc1+ 44. Kf2 fxg3+ 45. Ke3
Ke7 (45... Qxg2 46. Qxd6+ Kf7 47. Qd7+ Kg6 48. Qe6+ $11 {The black king cannot
escape from perpetual check.}) 46. Qb7+ (46. Qe4+ $142 Qe6 47. Qxe6+ Kxe6 48.
Kd3 c2 (48... Kf5 49. Rxg3 h5 50. e4+ Kf4 51. Rh3 Kg5 (51... Rf1 52. Rh4+ Kxf3
(52... Kg5 53. Rh3) 53. Rxh5 $11) 52. Rg3+ Kh6 53. Rh3 $11) 49. Rxg3 Re1 50.
Kxc2 Rxe2+ 51. Kd3 Rh2 52. Rg6+ Ke5 53. Ke3 $11) 46... Kf6 47. Qd5 c2 (47...
Qe6+ 48. Qxe6+ Kxe6 49. Kd3 {transposition to 46.Qe4+.}) 48. Qd4+ Kf7 49. Qa7+
Kf8 50. Qb8+ Ke7 51. Rxg3 $2 {Already tired, defending a worse position, I
didn't realise that even here the position is drawish!} (51. Kd2 $8 {The key
is that the white rook on g2 is untouchable...} Rh1 (51... Ra1 52. Qc7+ Ke6 53.
Qc8+ Ke5 54. Qc3+ Ke6 $11) (51... Qxg2 52. Qc7+ {no escape}) 52. Qc7+ Qd7 53.
Qxc2 $11) 51... Qe6+ 52. Kf2 Rf1+ 0-1

[Event "Hoogeveen Unive op"]
[Site "Hoogeveen"]
[Date "2010.10.29"]
[Round "8"]
[White "L'Ami, Erwin"]
[Black "Stella, Andrea"]
[Result "1-0"]
[WhiteElo "2624"]
[BlackElo "2334"]
[Annotator "L'Ami,E"]
[PlyCount "33"]
[EventDate "2010.10.22"]
[EventType "swiss"]
[EventRounds "9"]
[EventCountry "NED"]
[SourceTitle "CBM 139"]
[Source "ChessBase"]
[SourceDate "2010.11.18"]
[SourceVersion "1"]
[SourceVersionDate "2010.11.18"]
[SourceQuality "1"]

1. d4 Nf6 2. c4 e6 3. g3 c5 4. d5 exd5 5. cxd5 b5 $5 {The most ambitious move
and recently quite often seen in high level games. Black tries to play an
improved Benoni.} 6. e4 $1 {Sosonko's move, in my view the most principled way
to fight for an advantage. This has also been Kramnik's choice - usually not a
bad sign!} Nxe4 7. Qe2 Qe7 8. Bg2 f5 ({The alternative} 8... Nd6 {was chosen
by Alekseev, and after} 9. Be3 b4 10. Bxc5 Qxe2+ 11. Nxe2 Na6 12. Bxd6 Bxd6 13.
Nd2 Rb8 14. Nc4 $14 {Kramnik-Alekseev, Moscow 2007 (1-0, 31). the endgame
proved very unpleasant.}) 9. Nh3 {According to old theory this is not good
because of Black's next move, I had, however, a special idea in mind!} b4 ({
Of course Black tries to keep the white king in the centre by threatening ...
Ba6. Instead} 9... Bb7 10. O-O Bxd5 11. Re1 {is extremely dangerous.}) 10. O-O
$1 $146 ({New, and effectively the end of the line! Previously} 10. d6 {
had been tried, when} Qxd6 11. f3 Ba6 12. Qe3 Nc6 $1 13. fxe4 O-O-O {gave
Black great compensation for the piece in Sosonko-Barle, Ljubljana/Portoroz
1977.}) 10... Ba6 11. Qc2 Bxf1 12. Kxf1 {Black is an exchange and pawn up but
faces huge problems as his king is stuck in the centre. That, combined with
strong threats on the long diagonal seem to give White a decisive advantage.}
g6 ({The most logical move. Black fails to impress with:} 12... d6 13. Nd2 Nd7
14. Nxe4 fxe4 15. Bxe4 Nf6 16. Bf3 O-O-O 17. Nf4 {the knight goes to e6,
followed by a3xb4 with huge compensation.}) (12... Qf7 13. Nd2 Nd6 14. Nc4 (14.
Qxc5 $5) 14... Nxc4 (14... h6 15. Be3 $36) 15. Qxc4 Be7 16. Qe2 $1 d6 17. Ng5
$16) (12... Qf6 13. Nd2 Qa6+ 14. Kg1 Nd6 15. Bf1 Qb7 16. Nc4 $16) 13. Nd2 Bg7
$4 {This loses immediately, but I don't see a good alternative.} (13... Nd6 14.
Nc4 Kf7 15. Bf4 Nxc4 16. d6 Nxd6 17. Bxa8 $18) (13... Qf6 14. Nxe4 fxe4 15.
Qxe4+ Kf7 16. Bg5 Qf5 17. Qe2 Bd6 18. Bh6 $1 {and the threat of Ng5+ and Bh3
is looming.}) 14. Nxe4 fxe4 15. d6 $1 Qxd6 16. Qxe4+ Kf8 17. Bf4 ({Black
resigns. After} 17. Bf4 Qa6+ 18. Kg1 Nc6 19. Bd6+ {the black king is mated.})
1-0

[Event "Gibraltar Masters 10th"]
[Site "Caleta"]
[Date "2012.01.24"]
[Round "1"]
[White "Graf, Felix"]
[Black "Lupulescu, Constantin"]
[Result "0-1"]
[WhiteElo "2367"]
[BlackElo "2648"]
[Annotator "Let's Check"]
[PlyCount "98"]
[EventDate "2012.01.24"]
[EventType "swiss"]
[EventRounds "10"]
[EventCountry "GGB"]
[SourceTitle "CBM 147"]
[Source "ChessBase"]
[SourceDate "2012.03.16"]
[SourceVersion "1"]
[SourceVersionDate "2012.03.16"]
[SourceQuality "1"]

1. d4 Nf6 2. c4 e6 3. Nf3 c5 4. d5 exd5 5. cxd5 g6 6. Nc3 Bg7 7. Bf4 O-O 8. Bd6
Qb6 9. Bxf8 Qxb2 10. Bxg7 Qxc3+ 11. Nd2 Kxg7 12. g3 d6 13. Bg2 b5 14. O-O Nbd7
15. Re1 Nb6 16. Rc1 Qa3 17. e4 c4 18. Rc2 Ng4 19. Qa1+ f6 20. h3 Ne5 21. Rc3
Qa5 22. f4 Na4 23. fxe5 Qxc3 24. Qxc3 Nxc3 25. exd6 Bd7 26. a3 Na4 27. Kf2 Nc5
28. Ke3 Nb7 29. Kd4 Nxd6 30. g4 h6 31. Bf3 Rc8 32. Rc1 Kf8 33. e5 fxe5+ 34.
Kxe5 Ke7 35. Ne4 Nf7+ 36. Kd4 Ng5 37. Nxg5 hxg5 38. Ke5 Rc5 39. Be4 Be8 40. Re1
Kd8 41. Bc2 Bf7 42. Kf6 $2 (42. Be4 c3 43. Rf1 $11) 42... Bxd5 $19 43. Bxg6 c3
44. Bf5 a5 45. Kxg5 c2 46. Rc1 Be4 47. h4 b4 48. axb4 axb4 49. h5 b3 0-1

[Event "Beersheba-St Petersburg"]
[Site "Beersheba"]
[Date "1998.03.04"]
[Round "2"]
[White "Mikhalevski, Victor"]
[Black "Aseev, Konstantin N"]
[Result "1/2-1/2"]
[WhiteElo "2545"]
[BlackElo "2565"]
[Annotator "Mikhalevski,V"]
[PlyCount "80"]
[EventDate "1998.03.03"]
[EventType "schev"]
[EventRounds "12"]
[EventCountry "ISR"]
[SourceTitle "CBM 064"]
[Source "ChessBase"]
[SourceDate "1998.06.02"]
[SourceVersion "1"]
[SourceVersionDate "1998.06.02"]
[SourceQuality "1"]
[WhiteTeam "Beer Sheva"]
[BlackTeam "St Petersburg"]
[WhiteTeamCountry "ISR"]
[BlackTeamCountry "RUS"]

1. d4 Nf6 2. c4 e6 3. g3 c5 4. d5 exd5 5. cxd5 b5 6. Bg2 d6 7. b4 Nbd7 (7...
cxb4 8. a3 bxa3 9. Nxa3 $14 {|^ Sosonko-Timman/Tilburg/1982/
Zaitshik-Wladimirov/1981/}) 8. bxc5 Nxc5 9. Nf3 Bb7 $146 (9... g6 10. O-O (10.
Nd4 $5) (10. Nd4 Bg7 11. Nc6 Qc7 12. Bb2 O-O 13. Nd2 Bb7 14. Nb3 Rfe8 15. O-O
Nfd7 16. Bxg7 Kxg7 17. Nbd4 a6 18. Qd2 Ne5 19. Rac1 Nc4 20. Qg5 Bxc6 21. Nf5+
Kg8 22. Nh6+ Kg7 23. Nf5+ Kg8 24. Nh6+ Kg7 25. Nf5+ {1/2-1/2 Ivanov,M-Ionov,S/
Ubeda op 1996}) 10... Bg7 11. Nd4 O-O $2 (11... Bb7 $8) (11... a6 12. Nc6 Qd7
13. Nc3 O-O 14. a4 Nfe4 15. Nxe4 Nxe4 16. Bf4 Nc3 17. Qc2 Re8 18. e4 Nxa4 19.
Rae1 Bb7 20. e5 dxe5 21. Nxe5 Bxe5 22. Bxe5 Bxd5 23. Qd2 Bc6 24. Qxd7 Bxd7 25.
Bxa8 Rxa8 26. Rd1 Bh3 27. Rfe1 Nb6 28. Bf6 Be6 29. Rd6 Nd5 30. Bb2 b4 31. Rd1
Nc3 32. Rd8+ Rxd8 33. Rxd8+ Kg7 34. Rb8 a5 35. Rb5 Kh6 36. Rxa5 {Gelfand,
B-Chernin,A/Dortmund-A 1990/1/2-1/2 (60)}) (11... Qb6 12. Nc3 a6 13. Rb1 O-O
14. a4 b4 15. a5 Qxa5 16. Nc6 Qc7 17. Rxb4 Re8 18. Be3 Rxe3 19. fxe3 Ng4 20.
Qd2 Bd7 21. Rbf4 f5 22. e4 Re8 23. exf5 gxf5 24. Rxg4 fxg4 25. Qg5 Bc8 26. e4
Nd3 27. Ne2 Kh8 28. Qe3 Ne5 29. Rc1 Qb7 30. Nf4 Bh6 31. Qd4 Kg8 32. Rf1 Nxc6
33. dxc6 Qxc6 34. e5 Qc5 35. Bd5+ Kh8 36. Qxc5 {Piza,D-Izeta Txabarri,F/
Sevilla op 1990/0-1 (55)}) {CAND} 12. Nc3 $1 a6 (12... b4 13. Nc6 Qd7 14. Nb5
$1 Nfe4 15. Nbd4 Nc3 16. Qc2 Ba6 17. Re1 $16) 13. Nc6 $1 (13. a4 b4 14. Nc6 Qd7
) (13. Rb1 {/\ 14.a4} Re8 $1 {/\ 14...Ne4 =}) 13... Qc7 14. Be3 Bb7 15. Bd4 {
/\ 15.a4 +/=/+/-} Rfe8 (15... Nfd7 16. Bxg7 Kxg7 17. Qd4+ {/\ 18.a4 +/=/+/-})
16. a4 $1 bxa4 $8 (16... Bxc6 17. dxc6 b4 18. Bxf6 Bxf6 19. Nd5) (16... Nxa4
17. Nxa4 bxa4 18. Rxa4 Nxd5 19. Bxd5 Bxc6 20. Rc4 $18) 17. Bxc5 dxc5 18. Qxa4 {
/\ 19.Na5} (18. Rxa4) 18... Nd7 19. Qb3 {/\ 20.d6} (19. Qa3 {>=} Bf8 {/\ 20.
Rb1, 21.Rd1 +-}) 19... Bxc6 $8 20. dxc6 Nb6 21. Rab1 Rab8 (21... c4 {>=} 22.
Qa3) 22. Qa3 c4 (22... Bd4 23. e3 Nc4 24. Nd5 Nxa3 25. Nxc7 Nxb1 26. Nxe8 Nd2
27. Nd6 $1 Nxf1 28. c7 $18) 23. Rfc1 Bxc3 24. Qxc3 $18 (24. Rxc3 Rxe2 25. Qxa6
Qe5 $18) 24... Rxe2 25. Qd4 $1 {/\ 26.Rd1 27.Qd6; 27.Rb6} a5 (25... Re5 $8 {
>< Nb6} 26. Re1 $1 Rb5 27. Rbd1 {/\ 27.g4, 28.Qf6}) 26. Rb5 a4 27. Bf3 Ree8 28.
Qc5 $1 Qe7 29. c7 Qxc5 30. Rxc5 Rbc8 31. Bb7 Nd7 32. R5xc4 {1-0 Kasparov,
G-Kortschnoj,V/London csf1 1983}) 10. Nd4 (10. O-O Bxd5 11. Nc3 Bc6) 10... Nxd5
(10... Bxd5 11. Bxd5 (11. Nc6 $2 Bxg2 $1 12. Nxd8 Bxh1) 11... Nxd5 12. Nxb5 (
12. Nc6 $5 Qf6 13. Qxd5 Qxa1 14. Ne5 $1 dxe5 (14... O-O-O 15. Nxf7 {[%cal
Gd5a8]}) 15. Qxa8+ Kd7 $8 16. O-O (16. Qxa7+ Kc6 17. Qa8+ Kc7 18. O-O Qxb1 19.
Be3 Qc2 20. Rc1 Qb2 $13) 16... Qxb1 17. Ba3 $40 (17. Rd1+ $40)) 12... Qa5+ 13.
Qd2 $14) 11. O-O {[%csl Rb5][%cal Gg2b7]} Nc7 12. Bxb7 Nxb7 13. Nxb5 $1 {
Aspectacular blow!I was very happy to find it during the game.} (13. Bb2 $5 $36
{[%cal Gd4f5]} Qd7 14. Qd3 $36 {[%cal Gd4f5]}) {Now after} 13... Nxb5 14. Qd5 {
[%cal Rd5b7,Rd5b5] Black can't defend his unfortunate knights.} Be7 $1 {
Probably the best defence.Black strive to get slightly worse endgame.} (14...
Qb6 $6 15. Be3 Qa6 (15... Nc7 $2 16. Qe4+ $18) 16. Rc1 $1 {[%csl Rb5,Rb7][%cal
Ga2a4,Rc1c6] /\a4} (16. a4 $4 Nc7 $19) 16... Rd8 (16... Kd8 {doesn't help.} 17.
Qxf7 Be7 18. a4 Nc7 19. Rxc7 Kxc7 20. Qxe7+ Kb8 21. Qxg7 Rc8 22. Nc3 $16) 17.
a4 Nc5 18. Bxc5 dxc5 19. Qe5+ {[%cal Ge5a1,Ya4b5]} Qe6 20. Qxe6+ fxe6 21. axb5
$14 {/+/-}) (14... Nc5 15. Qc6+ {[%cal Rc6e8,Rc6b5,Rc6a8]}) (14... Qd7 15. a4 {
[%csl Rb5]}) 15. Qxb5+ Qd7 16. Qxd7+ Kxd7 $14 {After the game I was very
surprised,when I found out that this endgame was annotated by Aseev few years
ago.} 17. Nc3 (17. Bb2 $5 Rhg8 18. Nd2 (18. Nc3 Bf6)) 17... Bf6 18. Rb1 {
[%cal Gc3d5]} Bxc3 19. Rxb7+ Ke6 20. Bg5 $1 {The only attempt to fight for a
win.Otherwise Black would change one pair of rooks by Rfb8.} d5 $1 {With the
idea to play 21...h622.Re7 Kd6} ({After immidiate} 20... h6 21. Re7+ Kf5 22.
Bf4 $1 {White is clearly better.}) 21. Rfb1 $1 {B-file has a big importance.}
h6 22. Be3 $5 {It was difficult to decide if d5-d4 advance is in the white's
favour or not.From the one hand it weakens a"d5"pawn,from the other hand it
strenghten the position of Black's bishop.} (22. Bf4 $5) 22... d4 23. Bf4 {
[%csl Rb6][%cal Gf4b8,Rb8a7] /\Bb8} Rhe8 $1 24. Kf1 $138 (24. Kg2 Kf6 25. Kf3
$140 g5 {/\g4}) (24. Bb8 $142 $1 a5 25. R1b5 $1 $16 {[%cal Rb5e5]} (25. R1b6+
Kd5 {[%cal Re8e2]} 26. Kf1 a4 $13)) 24... Re7 $1 25. Rxe7+ Kxe7 26. Be5 $5 {
In order to weaken kingside.} f6 (26... g6 $6 27. e3 $1 {[%cal Ge5c3]} Rd8 28.
Rd1 $16) 27. Rb7+ Ke6 28. Bb8 a5 29. g4 $1 {[%csl Rf6,Rg7,Rh6] fixing the
pawns on f6 and h6} (29. a4 $6 Ra6 $1 30. Rxg7 Rb6 31. Bf4 h5 $1 {[%csl Ra4]
><a4.And Black get counterplay on the queenside}) 29... g6 {[%cal Gh6h5] Black
is trying to improve his pawn structure.} 30. Kg2 {Next ten moves were made in
the double-edged zeitnot.} h5 31. gxh5 gxh5 32. Rb5 {[%cal Gb5h5]} a4 33. Kf3
Ra5 34. Rxa5 $6 (34. Rb6+ $5 {+/-/+=}) 34... Bxa5 35. Ke4 Bb6 36. f3 f5+ 37.
Kd3 Kd5 38. Bg3 Bc5 39. Bf2 Bb6 40. Bg1 Ba7 $11 1/2-1/2